| 000 | 00445nam a2200145 4500 | ||
|---|---|---|---|
| 008 | 250819b |||||||| |||| 00| 0 eng d | ||
| 020 | _a9789395172059 | ||
| 050 |
_aG155.A1 _bD26 2022 |
||
| 100 | _aDasgupta S. S. | ||
| 245 |
_aTourism concepts / _cS. S. Dasgupta |
||
| 260 |
_aBengaluru : _bUniversity Science Press, _c2022 |
||
| 300 |
_a324 p. : _bill. ; _c26 |
||
| 650 | _aTourism | ||
| 942 |
_2lcc _cBOOKS _hG155 .A1D26 2022 |
||
| 999 |
_c32317 _d32317 |
||